00638cam a22002417a 4500003000500000005001700005008004100022010001000063011001000073035001000083040000900093082002000102110000800122245003900130260002300169300002000192490005100212650001000263650002400273650002300297700002500320830005100345CHAP20220817043229.0971013s1988 r 00010 d a69121 a70093 a79573 cCHAP a632.93bF3 v.91 aFAO10aPastures and cattle under coconuts aRome :bFAO,c1988 a321 p.b: ilus. 0aFAO. Producción y protección vegetalv; 9114aCoco.14aCultivos asociados.14aPastos forrajeros.0 aReynolds, Stephen G. 0aFAO. Producción y protección vegetalv; 91